Neuere Entwicklungen auf dem deutschen Kapitalmarkt Institutionen, Marktstrukturen und Marktergebnisse

Enregistré dans:
Détails bibliographiques
Auteur principal: Horn, Ernst-Jürgen
Format: Livre
Langue:allemand
Publié: Tübingen Mohr 1994
Édition:1. Aufl.
Collection:Kieler Studien 263
Sujets:
Tags: Ajouter un tag
Pas de tags, Soyez le premier à ajouter un tag!

MARC

LEADER 00000nam a2200000 4500
001 c010713
005 20221205140840.0
020 |a 3-16-146329-3 
041 0 |a ger 
044 |a DE 
245 1 0 |a Neuere Entwicklungen auf dem deutschen Kapitalmarkt  |b Institutionen, Marktstrukturen und Marktergebnisse  |c Ernst-Jürgen Horn 
250 |a 1. Aufl. 
264 1 |a Tübingen  |b Mohr  |c 1994 
300 |a 117 s. 
490 1 |a Kieler Studien  |v 263 
830 0 |a Kieler Studien  |v 263 
610 2 0 |a trh kapitálový 
610 2 0 |a kapitál finančný 
610 2 0 |a financovanie 
610 2 0 |a podnik výrobný 
610 2 0 |a inštitúcia 
610 2 0 |a burzy 
610 2 0 |a právo 
610 2 0 |a spoločnosti kapitálové 
610 2 0 |a spoločnosti investičné 
100 1 |a Horn, Ernst-Jürgen